| 000 | 01125nam a22003255a 4500 | ||
|---|---|---|---|
| 999 |
_c19940 _d19912 |
||
| 003 | EG-ScBUE | ||
| 005 | 20210608093216.0 | ||
| 008 | 150625t2014 enka f bd 001 0 eng d | ||
| 020 | _a1292060050 | ||
| 020 | _a9781292060057 | ||
| 040 |
_aEG-ScBUE _beng _erda _cEG-ScBUE _dEG-ScBUE |
||
| 082 | 0 | 4 |
_a320 _bPOL _222 |
| 245 | 0 | 0 |
_aPolitical Science : _ban introduction / _cMicheal G. Roskin, Lycoming College ... [et al.] |
| 250 |
_aThirteenth edition, _bglobal edition. |
||
| 264 | 1 |
_aHarlow, England : _bPearson Education Limited, _c[2014] |
|
| 264 | 4 | _cc2014 | |
| 300 |
_a356 pages : _bcolor illustrations ; _c32 cm |
||
| 336 |
_2rdacontent _atext _btxt |
||
| 337 |
_2rdamedia _aunmediated _bn |
||
| 338 |
_2rdacarrier _avolume _bnc |
||
| 500 | _aIncludes glossary. | ||
| 500 | _aIncludes student access code inside : MyPolisciLab. | ||
| 504 | _aIncludes bibliographical references and index. | ||
| 650 | 7 |
_aPolitical science. _2BUEsh _91313 |
|
| 651 | _2BUEsh | ||
| 653 |
_bBUSBOL _cJune2015 _cSeptember2015 |
||
| 655 |
_vText book _933728 |
||
| 700 | 1 |
_aRoskin, Michael, _d1939- _eauthor. |
|
| 942 |
_2ddc _k320 POL _cBB |
||